000 00343nam a2200133Ia 4500
008 150301s2014 xx 000 0 und d
082 _a616.024
_bC14C
100 _aCRAWFOOD M
245 _aCURRENT DIGNOSIS & TRETMENT CARDIOLOGY
260 _bMC GRAW HILL
_aNEW YORK
_c2014
300 _a602
650 _aGENERAL MEDICINE
942 _2ddc
_cBK
_01
999 _c6678
_d6678